Challenges for the 21th century: A gender perspective on nutrition through the life cycle

Enregistré dans:
Détails bibliographiques
Auteur principal: OMS
Format: Livre
Langue:Undetermined
Publié: 1998
Tags: Ajouter un tag
Pas de tags, Soyez le premier à ajouter un tag!
Thư viện lưu trữ: Trung tâm Học liệu Trường Đại học Cần Thơ
LEADER 00446nam a2200145Ia 4500
001 CTU_34393
008 210402s9999 xx 000 0 und d
082 |a 306.2 
082 |b Ch437 
100 |a OMS 
245 0 |a Challenges for the 21th century: A gender perspective on nutrition through the life cycle 
245 0 |c OMS 
260 |c 1998 
904 |i Nguyễn Quang Điền, 991207 
980 |a Trung tâm Học liệu Trường Đại học Cần Thơ